banner koha

PCR-based identification of Mycobacterium murphy causing Canine Leproid Granuloma Syndrome in Niterói, southeast Brazil ˗ case report (Registro n. 327923)

MARC details
000 -LÍDER
fixed length control field 03571nab a2200397 i 4500
003 - CÓDIGO MARC DA AGÊNCIA CATALOGADORA
Campo de controle BR-BrBNA
005 - DATA E HORA DA ÚLTIMA ATUALIZAÇÃO
Campo de controle 20241003145621.0
008 - CAMPO DE TAMANHO FIXO
fixed length control field 241003b2018 bl.|r|pooa||| 00| 0 eng |
040 ## - FONTE DA CATALOGAÇÃO
Agência catalogadora BR-BrBNA
Idioma da catalogação eng
072 ## - CATEGORIA AGRIS
Código AGRIS L73
Código do objeto 5400
072 ## - CATEGORIA AGRIS
Código AGRIS L70
100 ## - ENTRADA PRINCIPAL - NOME PESSOAL
Nome pessoal Pereira, M.A.A.
100 ## - ENTRADA PRINCIPAL - NOME PESSOAL
Nome pessoal Nowosh, V.
100 ## - ENTRADA PRINCIPAL - NOME PESSOAL
Nome pessoal Suffys, P.N.
100 ## - ENTRADA PRINCIPAL - NOME PESSOAL
Nome pessoal Queiroz, G.B.
100 ## - ENTRADA PRINCIPAL - NOME PESSOAL
Nome pessoal Silva, K.M.O.
100 ## - ENTRADA PRINCIPAL - NOME PESSOAL
Nome pessoal Lourenço, M.C.S.
100 ## - ENTRADA PRINCIPAL - NOME PESSOAL
Nome pessoal Vicente, A.C.P.
100 ## - ENTRADA PRINCIPAL - NOME PESSOAL
Nome pessoal Fontes, A.N.B.
100 ## - ENTRADA PRINCIPAL - NOME PESSOAL
Nome pessoal Morgado, S.
100 ## - ENTRADA PRINCIPAL - NOME PESSOAL
Nome pessoal Neves, R.C.S.M.
245 ## - TÍTULO PRINCIPAL
Título principal PCR-based identification of Mycobacterium murphy causing Canine Leproid Granuloma Syndrome in Niterói, southeast Brazil ˗ case report
500 ## - NOTA GERAL
Nota geral <br/>Publicação online; 11 ref.; 3 illus.; Summaries (En, Pt)
942 ## - ADDED ENTRY ELEMENTS (KOHA)
Koha item type Analítica
520 ## - NOTA DE RESUMO
Nota de conteúdo <br/><br/>ABSTRACT - Canine Leproid Granuloma Syndrome (CLGS), also known as canine leprosy, is a cutaneous nodular infectious disease caused by Mycobacterium sp.. Despite being reported worldwide, it is still quite unknown and underdiagnosed. Diagnosis may be achieved by cytopathology or histopathology of skin lesions, but identification of the infectious agent is complex, since bacterial in vitro growth is not possible, relying upon molecular techniques such as PCR to confirm Mycobacterium DNA in the sample. We report a CLGS case in Niteroi, Rio de Janeiro state, Brazil, diagnosed by cytopathology and submitted to molecular identification of the agent. PCR amplification of hsp65 gene was performed and revealed 100% genetic homology to M. murphy strain. This is the first CLGS report with molecular identification in Rio de Janeiro state, and this finding should raise awareness about CLGS as a differential diagnosis among granulomatous skin diseases in this region.<br/><br/><br/>Keywords: CLGS, hsp65 sequence, isolate Metcalfe, molecular methods
520 ## - NOTA DE RESUMO
Nota de conteúdo <br/><br/>RESUMO - A síndrome de granuloma leproide canino (SGLC), também conhecida como lepra canina, é uma doença infecciosa cutânea nodular causada por Mycobacterium sp. Apesar de ser relatada mundialmente, ainda é bastante desconhecida e subdiagnosticada. O diagnóstico pode ser conseguido por citopatologia ou histopatologia de lesões cutâneas, mas a identificação do agente infeccioso é complexa, uma vez que o crescimento in vitro bacteriano não é possível, dependendo de técnicas moleculares como a PCR para<br/>confirmar o DNA de Mycobacterium na amostra. Relatou-se um caso da SGLC em Niterói, estado do Rio de Janeiro, Brasil, diagnosticado por citopatologia e submetido à identificação molecular do agente. Foi realizada amplificação por PCR do gene hsp65, que revelou 100% de homologia genética com a cepa M. murphy. Este é o primeiro relato da SGLC com identificação molecular no estado do Rio de Janeiro, o que mostra a importância de se acrescentar a SGLC ao diagnóstico diferencial das doenças granulomatosas de pele nessa região.<br/><br/><br/>Palavras-chave: CLGS, sequência hsp65, isolado Metcalfe, métodos moleculares
650 ## - ASSUNTO - THESAGRO
Cabeçalho tópico ou nome geográfico CÃO
650 ## - ASSUNTO - THESAGRO
Cabeçalho tópico ou nome geográfico DOENÇA ANIMAL
650 ## - ASSUNTO - THESAGRO
Cabeçalho tópico ou nome geográfico HISTOPATOLOGIA
650 ## - ASSUNTO - THESAGRO
Cabeçalho tópico ou nome geográfico DIAGNÓSTICO
650 ## - ASSUNTO - THESAGRO
Cabeçalho tópico ou nome geográfico PELE
650 ## - ASSUNTO - THESAGRO
Cabeçalho tópico ou nome geográfico VETERINÁRIA
773 0# - ENTRADA ANALÍTICA
Host Biblionumber 1643
Registro do item 344976
Imprenta Belo Horizonte-MG Universidade Federal de Minas Gerais - Escola de Veterinaria 1983
Outro identificador 2024-5389
Título Arquivo Brasileiro de Medicina Veterinária e Zootecnia (Brazil)
ISSN 0102-0935
Colação v. 70(6) p. 1699-1702; (2018)
Número de controle de registro BR2024002779
856 ## - ACESSO E ENDEREÇO ELETRÔNICO
Identificador uniforme de recurso - URI https://www.scielo.br/j/abmvz/a/tHM46drM4X7rHhw4hFP84zR/?format=pdf&lang=en

Nenhum exemplar disponível.

BINAGRI

Telefone: (61)3218-2567/2388/3357/2097 - binagri@agro.gov.br

Ministério da Agricultura e Pecuária , Esplanada dos Ministérios, Bloco D, Anexo B, Brasília/DF, CEP: 70.043-900